[Event "Candidates Tournament"]
[Site "Moscow"]
[Date "2016.03.23"]
[Round "10"]
[White "Caruana, Fabiano"]
[Black "Anand, Viswanathan"]
[Result "1-0"]
[WhiteElo "2794"]
[BlackElo "2762"]
[Annotator "Marin,M"]
[PlyCount "65"]
[EventDate "2016.03.11"]
[EventType "tourn"]
[EventRounds "14"]
[EventCountry "RUS"]
[EventCategory "22"]
[SourceTitle "CBM 172"]
[Source "ChessBase"]
[SourceDate "2016.05.12"]
[SourceVersion "1"]
[SourceVersionDate "2016.05.12"]
[SourceQuality "1"]

1. c4 e5 2. Nc3 Nf6 3. Nf3 Nc6 4. g3 Bb4 5. Bg2 O-O 6. O-O e4 7. Ng5 Bxc3 8.
bxc3 Re8 9. f3 exf3 {Almost three decades have passed since Kasparov surprised
Karpov by introducing the English Opening as a main weapon in the 1987 Seville
match, but the theoretical discussion still seems far from reaching an end.} ({
In the first match of the game the surprise turned out to be a boomerang when
Karpov reacted here with} 9... e3 $5 {, a novelty he had prepared for his
earlier matches with Korchnoi but which he had never got the chance to use.
Taken away from his analysed lines, Kasparov thought a lot before playing} 10.
d3 {, eventually got into severe time trouble and lost. Based on the fact that
Karpov did not repeat 9...e3 in later games, many commentators including
Kasparov and some of his seconds claimed that 10.d3 was some sort of
refutation of Karpov's idea. But then I wonder why in a much later game
Kasparov,G (2827)-Sadvakasov,D (2585) Astana 2001 (½-½, 43) Kasparov
deviated with 10.dxe3. Be it as it may, the game Svidler,P (2757)-Karjakin,S 
(2760) Moscow 2016 (½-½, 50) played two rounds earlier than Caruana-Anand
went 10.d3 and Black eventually came under serious positional pressure.}) 10.
Nxf3 d5 11. d4 ({This novelty over} 11. cxd5 Nxd5 12. e4 Nb6 13. d4 {Uhlmann,W
(2530)-Smyslov,V (2620) Hastings 1972 (1-0, 30); was introduced by Kasparov in
his Moscow 1988 game against Ivanchuk. White sacrifices the c4-pawn in order
to obtain a central majority which was not that easy to block.}) 11... dxc4 {
Anand surely knew what he was doing since he had played this before.} ({
The aforementioned game went} 11... Ne4 12. Qc2 dxc4 13. Rb1 f5 14. g4 {
causing Black to lose ground in the centre and ending in a white win just ten
moves later Kasparov,G (2760)-Ivanchuk,V (2625) Moscow 1988 . (1-0, 24)}) 12.
Qc2 $146 ({Deviating from} 12. Bg5 h6 13. Bxf6 Qxf6 14. e4 $14 {Aronian,L 
(2765)-Anand,V (2816) Saint Louis 2015 (½-½, 31); and depriving Anand of the
possibility of showing his improvement. In principle, Bc1-g5 remains a
thematic threat, but the move order chosen by Caruana is more subtle. He not
only keeps an eye on the e4-square, preparing the dreamed of e2-e4, but also
prevents the natural and most desirable developing move for Black, namely ...
Bf5.}) 12... h6 {Anand decides to prevent Bg5, but the weakness of the h6-pawn
will soon prove decisive. However, it is not easy to find a convenient way of
completing Black's development.} (12... Bg4 {exposes the bishop to} 13. Bg5 h6
14. Bxf6 Qxf6 15. Ne5 Qg5 16. Nxg4 Qxg4 17. e4 {with a clear superiority of
the bishop over the knight. Black's extra pawn does not really count while
White's initiative in the centre and on the kingside is not easy to neutralise.
}) ({The pressure along the e-file set up by} 12... Qe7 {is partly illusory:}
13. Re1 Ne4 ({The most natural move, which fails to stabilise the centre,
though. If} 13... Bg4 14. Rb1 Rab8 15. e4 $1 {White gets a threatening
position since} Nxe4 $2 {loses material:} 16. Nh4 f5 17. h3) (13... Qe4 {
only apparently gains a tempo because the queen is exposed on e4:} 14. Qb2 {
Targeting b7 and delaying the c8-bishop's development.} Qg4 15. e4 $1 Rxe4 16.
Bg5 {with a considerable advance in development and strong initiative for
White.}) 14. Ne5 Nxe5 15. Qxe4 Ng6 16. Qxe7 Nxe7 ({Keeping the control of the
d5-square for if} 16... Rxe7 17. Bd5 {retrieves the pawn keeping the bishop
pair and the mobile centre.}) 17. Bf4 c6 18. e4 Be6 19. a4 {White will soon
set up pressure along the b-file while the permanent threat of d4-d5 restricts
Black's regrouping possibilities. Once again the extra pawn is not too
relevant and White has chances for a one-sided squeeze.}) (12... Be6 13. e4 $16
{is simply bad for Black.}) 13. Bf4 Ne4 14. Rad1 $5 {Very logical play by
Caruana who before undertaking anything concrete completes his development
harmoniously. The last move deserves some special attention, though, since the
rook may seem to belong to either b1 or e1. Caruana's idea was to force Black
to reveal his cards in view of the positional threat d4-d5.} (14. Rae1 {
[%cal Gf3d2] has a hidden drawback:} Bf5 15. Ne5 Nxg3 16. e4 Nxf1 17. exf5 Nxh2
18. Bxh2 f6 {[%csl Ge1]}) 14... Bf5 {Aiming to consolidate in the centre while
also completing the development.} (14... f5 {fails to consolidate the knight
after} 15. Ne5 Nxe5 16. Bxe5 {, when the e5-bishop is an unchallenged monster
on the dark squares.}) ({The optically safer} 14... Qe7 {does not spare Black
problems:} 15. d5 Nb8 16. Rd4 Nd6 17. e4 {White's compensation for the pawn is
beyond doubt.} f6 18. e5 fxe5 19. Nxe5 Bf5 20. Qf2 $36) 15. Ne5 Nd6 $6 {
Losing ground in the centre.} (15... Nxg3 {allows} 16. e4 Nxf1 17. exf5 Nxh2
18. Bxh2 {but things may be not entirely clear due to Black's numerous pawns.}
Nxe5 19. Bxe5 Qg5 20. Rf1 c6 {For instance if} 21. f6 Rxe5 $5 22. dxe5 Re8 {
Three pawns for a bishop may well ensure a draw.}) 16. e4 Bh7 {The bishop has
landed on a joyless position and the knights are far from optimally placed,
too. We can see one more benefit of having played Rad1: the exchange on e5
loses a piece to dxe5.} 17. Qe2 $1 {A strong queen switch to the kingside.} Ne7
$6 {Removing the pressure on the central knight frees the bishop from its
defensive task making it available for an elegant combination. But at the same
time Black has no constructive moves...} 18. Bxh6 $1 {By far not the only good
move and curiously not among the engines' favourites.} gxh6 19. Qh5 Nef5 {
A despairing defence, returning the extra piece in order to exchange queens.} (
19... Z0 {White threatened to continue his attack with simple moves:} 20. Qxh6
Nc6 21. Ng4 Re6 22. Qf4 (22. Nf6+ Rxf6 23. Rxf6 Qf8 24. Qh4 {is also
reasonable, maintaining the initiative with approximately equal material, but
the main continuation, threatening to reinforce the threat Nf6+ with e4-e5, is
stronger.}) 22... f5 23. d5 {with a winning attack in which all White's pieces
take an active part.}) ({If} 19... Kh8 20. Rxf7 Rf8 21. Rxf8+ Qxf8 22. Rf1 Qg8
23. Nf7+ Nxf7 24. Rxf7 Nc6 25. e5 Qg5 26. Qxg5 hxg5 27. Rxc7 {White would soon
get a lot of pawns for the knight, with every chance to win.} Re8 28. Rxb7 Nxe5
(28... Ne7 29. d5 $18) 29. dxe5 Rxe5 30. Bf1 $5 Bd3 31. Bxd3 cxd3 32. Rd7 Re1+
33. Kg2 Re2+ 34. Kh3 Rxa2 35. Rxd3 Kg7 36. Kg4 Rxh2 37. Rd7+ Kf6 38. Rxa7 $18)
20. exf5 Qg5 21. Qxg5+ hxg5 22. f6 $16 {White has retrieved the sacrificed
pawn and even though the position has calmed down, Black is under serious
pressure on both wings.} Ne4 {The adventure initiated by this move will only
speed up Black's demise.} 23. Rfe1 ({The simple} 23. Bxe4 Bxe4 24. Nxc4 Rad8
25. Ne5 {also looks convincing. White is a pawn up and his stable centralised
knight is more impressive than the bishop.}) 23... Nxc3 24. Rc1 Nb5 25. Bxb7
Rad8 {Sacrificig the exchange for insufficient compensation.} ({But} 25... Rab8
26. Bd5 {would win the c4-pawn with a more or less winning position.}) 26. Bc6
Nxd4 27. Bxe8 Rxe8 28. Kf2 Nc2 29. Red1 Be4 ({Freeing the h7-square for if} 
29... Rxe5 30. Rd8+ {mates on the next move.}) 30. Nxc4 Re6 31. Rd8+ Kh7 32.
Kg1 $1 {Planning to defend the f6-pawn with Rf1.} Rxf6 33. Rf1 {After the
forced exchange of the rooks White will soon win at least one pawn, with an
elementary win.} 1-0

[Event "EU-chT (Men) 19th"]
[Site "Warsaw"]
[Date "2013.11.11"]
[Round "4.6"]
[White "Zhigalko, Andrey"]
[Black "Ipatov, Alexander"]
[Result "1-0"]
[WhiteElo "2619"]
[BlackElo "2630"]
[Annotator "Marin,M"]
[PlyCount "65"]
[EventDate "2013.11.08"]
[EventType "team-swiss"]
[EventRounds "9"]
[EventCountry "POL"]
[SourceTitle "CBM 158"]
[Source "ChessBase"]
[SourceDate "2014.01.16"]
[SourceVersion "1"]
[SourceVersionDate "2014.01.16"]
[SourceQuality "1"]
[WhiteTeam "Belarus"]
[BlackTeam "Turkey"]
[WhiteTeamCountry "BLR"]
[BlackTeamCountry "TUR"]

1. c4 Nf6 2. Nc3 e5 3. Nf3 Nc6 4. g3 Bb4 5. Nd5 Bc5 6. d3 O-O 7. Bg2 Nxd5 {
I do not see reasons for such an impatient reaction in the centre, offering
White a clear plan for gaining space. True, it is not easy to prove a concrete
advantage, but in my view play becomes a bit one-sided.} (7... h6 {is more
flexible, leading to unclear play.}) 8. cxd5 Nd4 9. Nd2 d6 10. e3 Nf5 11. Nc4 (
{Even though it sustains d3-d4, the knight does not stand well on b3:} 11. Nb3
Bb6 12. d4 Qf6 13. dxe5 dxe5 14. O-O Nd6 15. e4 Qg6 $132 {Kjartansson,G (2373)
-Kuzubov,Y (2628) Reykjavik 2011 (0-1, 52)}) 11... Ne7 {Aimed at preparing ...
Bf5 and ...c6.} ({The only useful and half-waiting move tried in practice is} 
11... a5 12. Bd2 a4 13. b4 axb3 (13... Ba7 14. Na5 $14 {Makarichev,S (2500)
-Meduna,E (2405) Frunze 1979 (1-0, 38)}) 14. axb3 Rxa1 15. Qxa1 b5 16. Na5 Ne7
17. O-O $14 Bg4 $4 18. Nb7 Qd7 19. Nxc5 dxc5 20. Qxe5 $16 {Ivanchuk,V (2751)
-Anand,V (2799) Nice (rapid) 2008 (1-0, 33)}) 12. O-O $146 {A natural and,
surprisingly, new move.} (12. a3 $6 {looks too mysterious to me.} b5 13. d4
exd4 (13... Bxd4 14. exd4 bxc4 15. dxe5 Bf5 16. exd6 cxd6 17. O-O Rb8 $11) 14.
exd4 Bb6 15. Nxb6 axb6 16. O-O $13 {Levin,E (2488)-Pacher,M (2361) Herceg Novi
2008 (1-0, 28)}) 12... Bf5 $6 {Black does not care about his dark-squared
bishop and this will have fatal consequences in the long run.} (12... c6 $6 {
does not make too much difference, either:} 13. d4 exd4 14. exd4 Bb6 15. dxc6
Nxc6 16. Re1 $14) (12... a6 $5 {looks like the most appropriate solution.} 13.
Bd2 Bf5 14. Qc2 {[%cal Gc4e5]} ({The temporary initiative yielded by} 14. e4 {
does not compensate the weakening of the a7-g1 diagonal:} Bd7 15. Rc1 {[%cal
Gc4e5]} Ba7 16. Be3 Bxe3 17. Nxe3 c5 $11) 14... Ba7 15. Na5 Rb8 16. Rac1 Bb6 {
Black has held his own on the queenside and should look for a good moment to
play ...c7-c6, for instance} 17. f4 c6 $13) 13. d4 exd4 14. exd4 Bb6 15. a4 $1
$36 {For a long time, the threat of getting the bishop pair with Nxb6 will
remain in reserve. White will actually manage to transform the black
dark-squared bishop into the worst piece on the whole board.} c6 16. dxc6 (16.
a5 $5 cxd5 (16... Bc7 17. a6 $14) 17. axb6 dxc4 18. bxa7 $14) 16... Nxc6 17.
Bf4 (17. Ra3 $5 {would be an original way of proving a2-a4 useful in more than
one way.} d5 (17... Bxd4 $2 18. Bxc6) (17... Nxd4 $2 18. a5 Bc5 19. b4) 18.
Nxb6 axb6 19. Re3 Qd7 20. Rfe1 Bg4 21. f3 Be6 22. Bf1 $14) 17... d5 18. Nd6 Be6
(18... Qd7 19. Nxf5 (19. Bxd5 Bh3 20. Re1 Bc7) 19... Qxf5 20. b4 $5 {The only
way to question Black's stability.} Bxd4 (20... Qf6 21. Bxd5 Bxd4 22. Rb1 $14)
(20... Nxb4 $2 21. a5 Bd8 22. Bd6 $18) 21. b5 Bxa1 22. bxc6 bxc6 (22... Bf6 23.
cxb7 $18) (22... Be5 23. Qxd5 Rae8 24. cxb7 $16) 23. Qxa1 $14) 19. Nxb7 Qe7 20.
Nc5 Nxd4 21. b4 Nc6 (21... Bxc5 22. bxc5 {[%cal Gf4d6,Gd1d4]} Nf5 (22... Qxc5
$2 23. Be3) 23. c6 $16) 22. Nxe6 fxe6 23. a5 Bc7 24. Rc1 Rxf4 $5 {The best
practical chance.} (24... Bxf4 25. Rxc6 Bd6 (25... Bg5 26. Rxe6 $1) 26. Bxd5 $1
{In these lines we can see that White is actually playing with an extra piece,
as it frequently happens in positions with opposite-coloured bishops!}) 25.
gxf4 {White plans to use this pawn for undermining the black centre, but the
weakness of the kingside offers Black some chances.} (25. Rxc6 $5 Rf6 26. Qd4
Kh8 27. Rfc1 Bd6 28. b5 $16) 25... Nxb4 26. f5 Bxa5 27. Re1 Bb6 $6 (27... Rf8
28. Rxe6 Qg5 $132 {/+/-}) 28. Rxe6 Qg5 29. Rb1 $2 (29. Rxb6 $1 axb6 30. Rb1 $18
Rc8 $5 {[%cal Gc8c1,Gb1b4]} 31. Qe1 $1 {[%cal Ge1e6,Ge1b4]}) 29... Rc8 $2 (
29... Bxf2+ 30. Kxf2 Qxf5+ 31. Kg1 Qxe6 32. Rxb4 Rd8 33. Rd4 Kh8 $14 {Black
should not lose this one, especially if we take into account the favourable
colour of the h8-square.}) 30. Qe1 h5 31. Re8+ Kh7 32. Rxc8 Nd3 33. Qe6 1-0